Historia de la filosofía

Saved in:
書目詳細資料
格式: 圖書
語言:西班牙语
出版: Ciudad de México Siglo Veintiuno 1987
版:4a. ed
主題:
標簽: 添加標簽
沒有標簽, 成為第一個標記此記錄!

MARC

LEADER 00000nam a2200000 a 4500
001 UCL1520
003 CL-VaPUC
008 030911e19870000MX |||||||||||||||||spa|d
020 |a 8432301124 obra completa 
020 |a 8432304239 v.11 
082 0 4 |a 109  |b HIS  |2 21 
245 1 0 |a Historia de la filosofía 
250 |a 4a. ed 
300 |a v 
942 |c BK 
945 |d 20030911 00:00:00  |a vberengu 
260 |a Ciudad de México  |b Siglo Veintiuno  |c 1987 
500 |a v.11: La filosofía en Oriente 
650 0 |a Historia de la filosofía  |9 256920 
583 |a last modification  |c 20030911 00:00:00  |k Rodrigo Vera 
999 |c 305056  |d 305054 
952 |0 0  |1 0  |4 0  |6 109_000000000000000_HIS_1987  |7 0  |8 A  |9 368004  |a BIBTEO  |b BIBTEO  |d 2019-11-21  |h v.11  |i 2077388  |o 109 HIS 1987  |p 2077388  |r 2025-01-17  |w 2019-11-21  |y BK  |k ICR